000 00453nam a2200169 a 4500
005 20140414093834.0
008 030610s19uu xx 00 eng d
050 _aCDR 333.79
_bMad 1998
245 _aMad about science. Disc 1 :
_benergy & forces.
500 _a"The interactive physics lab that really teachers science"
650 _aCD-ROM.
650 _aEnergy.
650 _aForces.
650 _aScience.
942 _cAVM
999 _c108947
_d108947